Vedenie pokladnice a základná finančná kontrola

S pokladničnou agendou sa stretávame v každej obci, v každej rozpočtovej a príspevkovej organizácii . Ide o rozsiahlu a v mnohých smeroch špecifickú pracovnú činnosť, ktorú najmä v malých obciach a ROPO najčastejšie vykonáva jediná osoba zodpovedná za ekonomickú agendu v kumulovanej funkcii.

Salvato in:
Dettagli Bibliografici
Autore principale: Konečná Veverková, Ingrid
Natura: Capitolo di libro
Lingua:slovacco
Soggetti:
Tags: Aggiungi Tag
Nessun Tag, puoi essere il primo ad aggiungerne!!

MARC

LEADER 00000naa a2200000 4500
001 0250474
005 20190129111544.2
041 0 |a slo 
044 |a SK 
245 1 0 |a Vedenie pokladnice a základná finančná kontrola  |c Ingrid Konečná Veverková 
520 |a S pokladničnou agendou sa stretávame v každej obci, v každej rozpočtovej a príspevkovej organizácii . Ide o rozsiahlu a v mnohých smeroch špecifickú pracovnú činnosť, ktorú najmä v malých obciach a ROPO najčastejšie vykonáva jediná osoba zodpovedná za ekonomickú agendu v kumulovanej funkcii. 
610 2 0 |a pokladnica 
610 2 0 |a účtovanie 
610 2 0 |a kontrola finančná 
610 2 0 |a zodpovednosť hmotná 
100 1 |a Konečná Veverková, Ingrid